| 000 | 00601nam a2200193 i 4500 | ||
|---|---|---|---|
| 001 | 124417 | ||
| 003 | ES-MaACL | ||
| 007 | t| | ||
| 008 | 070326s1926 sp ||||1| spa d | ||
| 100 | 1 |
_aSeyfert, Richard. _9105960 |
|
| 245 | 1 | 0 |
_aPrácticas escolares / _cpor Richard Seyfert ; traducido del alemán por Alvaro González Rivas. |
| 260 |
_aBarcelona : _bLabor, _c1926. |
||
| 300 |
_a176 p. : _bil. ; _c17 cm. |
||
| 490 | 1 |
_aColección Labor ; _v85 |
|
| 700 | 1 |
_aGonzález Rivas, Alvaro. _958913 |
|
| 830 | 0 | 0 |
_aColección Labor _v85 _9184254 |
| 852 |
_aES-MaACL _jE-2623 |
||
| 999 |
_c124417 _d124417 |
||